Regionálne rozloženie priamych zahraničných investícií a odvetvový aspekt

Význam PZI z hľadiska ich teoretického vymedzenia a upriamenie pozornosti na niektoré teórie PZI, ktoré sú aplikovateľné z hľadiska regionálneho a odvetvového aspektu aj v SR. Realizácia tohto zámeru si vyžiadala skúmanie viacerých zahraničných publikácií, analyzovanie rôznych teoretických prístupov...

Descrizione completa

Salvato in:
Dettagli Bibliografici
Autore principale: Táncošová, Judita
Natura: Capitolo di libro
Lingua:slovacco
Soggetti:
Tags: Aggiungi Tag
Nessun Tag, puoi essere il primo ad aggiungerne!!

MARC

LEADER 00000naa$a2200000$$$4500
001 0107149
005 20231018092144.1
041 0 |a slo 
044 |a SK 
245 1 0 |a Regionálne rozloženie priamych zahraničných investícií a odvetvový aspekt  |c Judita Táncošová 
520 |a Význam PZI z hľadiska ich teoretického vymedzenia a upriamenie pozornosti na niektoré teórie PZI, ktoré sú aplikovateľné z hľadiska regionálneho a odvetvového aspektu aj v SR. Realizácia tohto zámeru si vyžiadala skúmanie viacerých zahraničných publikácií, analyzovanie rôznych teoretických prístupov, ktoré tvoria teoretické východisko v predloženom príspevku. 
610 2 0 |a investície priame zahraničné 
610 2 0 |a regióny 
610 2 0 |a odvetvia činnosti ekonomickej 
610 2 0 |a metódy výskumu 
100 1 |a Táncošová, Judita